Guess the composer #1 - Statistics

General Stats
  • This quiz has been taken 8 times
  • The average score is 5 of 10
Answer Stats
Picture Answer % Correct
W.A. Mozart
100%
C.P.E. Bach
67%
Felix Mendelssohn-Bartholdy
50%
Leoš Janáček
50%
Ralph Vaughan Williams
50%
Sergei Prokofiev
50%
Gaetano Donizetti
33%
Ferdinand Ries
17%
Francisco Tárrega
17%
Julius Röntgen
17%
No matching quizzes found
Score Distribution
Percent of People with Each Score
Percentile by Number Answered
Your Score History
You have not taken this quiz